000
00295nam a2200133Ia 4500
005
20251222155210.0
008
251222s9999||||xx |||||||||||||| ||spa||
082
_a
REL.84
100
_a
KAISER Federico.
245
0
_a
Vamos a Jesús
250
_a
1ra. ed.
264
_b
No tiene
942
_c
LIB
999
_c
40282
_d
40282